Pinky Promise 2 - La Pantera, Lucho RK - Estadísticas

Estadísticas generales
  • Esta prueba ha sido intentada 70 veces
  • La puntuación promedio es 416 de 537
Estadísticas de respuestas
Letra % Correcto
a
97%
De
97%
de
97%
97%
Chupa
93%
da
93%
dale
93%
Dale
93%
dame
93%
del
93%
en
93%
es
93%
la
93%
La
93%
las
93%
le
93%
Le
93%
lo
93%
los
93%
m
93%
ma
93%
mi
93%
miedo
93%
o
93%
por
93%
Quiere
93%
quieres
93%
si
93%
Si
93%
93%
93%
sin
93%
un
93%
y
93%
Y
93%
yo
93%
con
90%
coñ
90%
Coñ
90%
dar
90%
el
90%
ha
90%
mami
90%
Mami
90%
me
90%
Me
90%
nene
90%
no
90%
No
90%
te
90%
Te
90%
tu
90%
90%
bestie
86%
BM
86%
como
86%
Cómo
86%
darte
86%
Darte
86%
di
86%
Ella
86%
ella
86%
enamoré
86%
estás
86%
favorita
86%
hace
86%
lollipop
86%
Pinky
86%
pinky
86%
que
86%
qué
86%
quiero
86%
Quiero
86%
Rolex
86%
se
86%
2002
83%
agudos
83%
así
83%
boli
83%
cara
83%
chupo
83%
códigos
83%
cuando
83%
culo
83%
Eso
83%
eso
83%
esos
83%
I
83%
juro
83%
llega
83%
mamas
83%
muévete
83%
necesita
83%
New
83%
pa
83%
pido
83%
pies
83%
porque
83%
prometo
83%
promise
83%
pulgares
83%
rica
83%
siendo
83%
suave
83%
tiempo
83%
totita
83%
bien
79%
Carey
79%
compras
79%
esté
79%
Galleta
79%
ley
79%
matrimonio
79%
Pone
79%
soy
79%
amas
76%
autoconvenceré
76%
cerda
76%
dime
76%
Luna
76%
meteré
76%
miel
76%
moño
76%
solo
76%
Yores
76%
aguantan
72%
año
72%
cantando
72%
corazón
72%
entero
72%
follar
72%
Follar
72%
ganas
72%
lamerte
72%
llegarle
72%
loco
72%
Lucho
72%
más
72%
pide
72%
piso
72%
poli
72%
prométeme
72%
tienes
72%
border
69%
collie
69%
fetiches
69%
mensaje
69%
Ni
69%
Obediente
69%
pero
69%
pinga
69%
texto
69%
Yeah
69%
yeah
69%
Amo
66%
caparazón
66%
Chiquita
66%
manos
66%
medio
66%
peligrosa
66%
razón
66%
saying
66%
tanga
66%
what
66%
Amazon
62%
Apartarte
62%
bebé
62%
BIC
62%
depresión
62%
discusión
62%
doy
62%
era
62%
esposo
62%
esto
62%
ex
62%
hasta
62%
hija
62%
juguetes
62%
Mariah
62%
preocupa
62%
puta
62%
saltaste
62%
toma
62%
una
62%
alguien
59%
bitches
59%
bólido
59%
control
59%
deje
59%
dentro
59%
incómodo
59%
Necesitas
59%
okupa
59%
todo
59%
toto
59%
Voy
59%
ah
55%
calcetines
55%
chavos
55%
flexeo
55%
había
55%
lante
55%
leche
55%
Lil
55%
París
55%
pidió
55%
quitándote
55%
rímel
55%
Vete
55%
amor
52%
Detesto
52%
ese
52%
jodí
52%
llamo
52%
mala
52%
pongo
52%
remix
52%
sabía
52%
aprieto
48%
Cena
48%
cuadrar
48%
cuatro
48%
huevo
48%
know
48%
Lucy
48%
maldad
48%
triple
48%
esa
45%
fuera
45%
legal
45%
pussy
45%
cone
41%
fuerte
41%
salpica
41%
según
41%
Tony
41%
720
38%
Baby
38%
fuck
38%
millones
38%
politoxicómano
38%
vuelta
38%
Wayne
38%
dóblalo
34%
Hawk
34%
Uzi
34%
diablo
31%
falta
31%
garganta
31%
grasa
31%
shuffle
31%
Malone
28%
ollie
28%
Post
28%
Funde
24%
Talentosa
24%
Teenager
24%
teenager
24%
bota
21%
haz
21%
LMFAO
21%
otra
21%
Party
21%
salga
21%
suela
21%
uff
21%
flip
17%
amén
14%
Prime
10%
Rock
10%
No se encontraron pruebas coincidentes
Distribución de puntuación
Porcentaje de gente con cada puntuación
Porcentaje por número respondido
Historial de tus puntuaciones
No has intentado esta prueba.